| 000 | 00352nam a2200133Ia 4500 | ||
|---|---|---|---|
| 008 | 231017s9999 xx 000 0 und d | ||
| 082 | _a363.125BER | ||
| 082 | _bBER | ||
| 245 | 0 | _aCommercial Truck and Bus Safety: Commercial Motor Vehicle Carrier Safety Management Certification | |
| 245 | 0 | _cTRB | |
| 260 | _bTRB | ||
| 300 | _c30cm | ||
| 942 | _cREP | ||
| 999 |
_c603543 _d603543 |
||